00561nam a2200205Ia 4500008004100000020001800041050001900059050001700078100002100095245002500116245005100141245003800192260001600230260002200246260000900268300001600277300001100293500002000304650003100324180523s9999 xx 000 0 und d a81-7992-263-4 aMAIN HF 5549.5 b.E43A53 2004 aAnaloui, Farhad. 0aCorporate sabotage : 0bhow to recognise & manage corporate sabotage / 0cFarhad Analoui, Andrew Kakabadsa. aNew Delhi : bJaico Publishing, c2004 a174 pages : c22 cm. aIncludes index. aSabotage in the workplace.